MARC details
| 000 -LEADER |
| fixed length control field |
02191nam a2200313 i 4500 |
| 003 - CONTROL NUMBER IDENTIFIER |
| control field |
CSPC |
| 005 - DATE AND TIME OF LATEST TRANSACTION |
| control field |
20250206133416.0 |
| 008 - FIXED-LENGTH DATA ELEMENTS--GENERAL INFORMATION |
| fixed length control field |
250206s2023 ph b 000 0 eng d |
| 020 ## - INTERNATIONAL STANDARD BOOK NUMBER |
| International Standard Book Number |
9789715640824 |
| 040 ## - CATALOGING SOURCE |
| Original cataloging agency |
CSPC |
| Language of cataloging |
eng |
| Transcribing agency |
CSPC |
| Description conventions |
rda |
| 050 04 - LIBRARY OF CONGRESS CALL NUMBER |
| Classification number |
HC79.I55 |
| Item number |
C745 2023 |
| 082 04 - DEWEY DECIMAL CLASSIFICATION NUMBER |
| Classification number |
338.47004 |
| Item number |
C869 |
| 245 00 - TITLE STATEMENT |
| Title |
Critical issues in the Philippine digital economy / |
| Statement of responsibility, etc. |
edited by Connie G. Bayudan-Dacuycuy and Ramonette B. Serafica. |
| 264 #1 - PRODUCTION, PUBLICATION, DISTRIBUTION, MANUFACTURE, AND COPYRIGHT NOTICE |
| Place of production, publication, distribution, manufacture |
Quezon City : |
| Name of producer, publisher, distributor, manufacturer |
Philippine Institute for Development Studies ; |
| -- |
International Development Research Centre, |
| Date of production, publication, distribution, manufacture, or copyright notice |
2023. |
| 300 ## - PHYSICAL DESCRIPTION |
| Extent |
xxxi, 467 pages ; |
| Dimensions |
23 cm. |
| 336 ## - CONTENT TYPE |
| Source |
rdacontent |
| Content type term |
text |
| 337 ## - MEDIA TYPE |
| Source |
rdamedia |
| Media type term |
unmediated |
| 338 ## - CARRIER TYPE |
| Source |
rdacarrier |
| Carrier type term |
volume |
| 504 ## - BIBLIOGRAPHY, ETC. NOTE |
| Bibliography, etc. note |
Includes bibliographical references. |
| 505 0# - FORMATTED CONTENTS NOTE |
| Formatted contents note |
Critical issues in the Philippine digital economy -- Understanding digital platforms: opportunities, risks, and government responses -- Regulatory reforms and the development of the Philippine digital economy -- Navigating the fintech industry landscape: seizing opportunities and addressing weaknesses -- Exploring policies and initiatives for online workers in the Philippines -- Transforming Philippine cities to smart cities: policy issues and ways forward -- Decent work in crowdwork: gendered takeaways from an online survey in the Philippines -- DigitALL for her: futurecasting platform work for women in the rural Philippines -- Filipino's access and exposure to ICT: a general overview based on the national ICT household survey -- Bridging gaps, breaking barriers, and building capacities in online marketplaces -- E-commerce adoption of women-led MSMEs in Metro Manila: challenges, opportunities, and policy directions. |
| 650 #4 - SUBJECT ADDED ENTRY--TOPICAL TERM |
| Topical term or geographic name entry element |
Information technology |
| Geographic subdivision |
Philippines |
| General subdivision |
Economic aspects. |
| 650 #4 - SUBJECT ADDED ENTRY--TOPICAL TERM |
| Topical term or geographic name entry element |
Information technology |
| Geographic subdivision |
Philippines |
| General subdivision |
Social aspects. |
| 650 #4 - SUBJECT ADDED ENTRY--TOPICAL TERM |
| Topical term or geographic name entry element |
Business enterprises |
| Geographic subdivision |
Philippines |
| General subdivision |
Technological innovations. |
| 650 #4 - SUBJECT ADDED ENTRY--TOPICAL TERM |
| Topical term or geographic name entry element |
Electronic commerce |
| Geographic subdivision |
Philippines. |
| 700 1# - ADDED ENTRY--PERSONAL NAME |
| Personal name |
Bayudan-Dacuycuy, Connie G., |
| Relator term |
editor. |
| 700 1# - ADDED ENTRY--PERSONAL NAME |
| Personal name |
Serafica, Ramonette B., |
| Relator term |
editor. |
| 942 ## - ADDED ENTRY ELEMENTS (KOHA) |
| Source of classification or shelving scheme |
Dewey Decimal Classification |
| Suppress in OPAC |
No |
| Koha item type |
Books |
| Classification part |
338.47004 |
| Item part |
C869 |
| Call number prefix |
FIL |
| Call number suffix |
2023 |